Echeverria : el pastor de soledades /

Guardado en:
Autor Principal: Rojas Paz, Pablo
Formato: Libro
Publicado: Buenos Aires : Losada, 1951
Series:Biografias Historicas Y Novele
Materias:
Etiquetas: Agregar Etiqueta
Sin Etiquetas, Sea el primero en etiquetar este registro!
LEADER 00647nam a22002175a 4500
001 EHU.bham024821
003 AR-BHAM
005 20130508102356.0
008 130507s1951##################000#0#####d
082 9 2 |a 928 
100 1 |a Rojas Paz, Pablo 
245 1 0 |a Echeverria :  |b el pastor de soledades /  |c Pablo Rojas Paz 
260 |a Buenos Aires :  |b Losada,  |c 1951 
300 |a 173 p. 
490 0 |a Biografias Historicas Y Novele 
653 |a Donacion lejarraga 
653 |a Literatura argentina 
653 |a Generacion del 37 
653 |a Biografia 
653 |a Biografias de escritores 
859 |a AR-BHAM  |b BIB. HUMANIDADES - General  |h 928  |i EC43R  |p 561.02  |t Ej.1